FUNKCJONOWANIE IMION W KOMUNIKACJI JĘZYKOWEJ NA PRZYKŁADACH Z POMORZA ZACHODNIEGO

Bibliographic Details
Main Authors: Belchnerowska, Aleksandra (Author), Bożena, Frankowska-Kozak (Author)
Format: Article
Language:Polish
ISBN:8088825423

MARC

LEADER 00000naa a2200000uu 4500
001 vtls011084886
003 SK-MaSNL
005 20260302105049.0
008 210905|1996 xo |||||||||||||||||pol|
015 |a SNBRA 
035 |a (urnnbn)urn:nbn:sk:snk:ar-a0clku 
035 |a (uuid)0e6b5ab9-a548-498b-b805-dae5fbe96908 
035 |a urn:nbn:sk:snk-aavrgx 
040 |a SNKBUCL  |b slo  |c SNKBUCL  |e AACR2 
041 0 |a pol 
044 |a xo  |c SK 
100 1 |a Belchnerowska, Aleksandra  |4 aut  |9 783141 
245 1 0 |a FUNKCJONOWANIE IMION W KOMUNIKACJI JĘZYKOWEJ NA PRZYKŁADACH Z POMORZA ZACHODNIEGO  |c Aleksandra Belchnerowska, Bożena Frankowska-Kozak 
700 1 |a Bożena, Frankowska-Kozak  |4 aut  |9 783142 
773 0 |t Sociolingvistické a psycholingvistické aspekty jazykovej komunikácie  |d Banská Bystrica : Univerzita Mateja Bela, 1996  |g S. 190-197  |z 8088825423 
958 |a OND 
958 |a article12 
958 |a chapter 
999 |c 1237275  |d 1239205